00353nam a2200133Ia 450000100060000000800410000604000130004708200160006010000240007624500490010026000520014930000110020154600070021222259140409s9999 xx 000 0 und d cPK-LaUMT a 297bSHA-K aShams Naveed Usmani aKiya ham musalman hein?cShams Naveed Usmani aLahore,Pakistan:bIdarah Mutbuaat Tulbah,c1998 a184 p. aEN